00678nam a22001815i 4500001000700000003000900007005001700016008004100033040003000074100003100104245008200135250002600217260005200243300002000295650002400315752002400339852013300363157564ES-MaACL20250801034205.0990315s1845 fr |||| | fre d aCCPB | B bspa cCCPB | B1 aLeroux, Pierre,d1797-187110aDe l'humanité, de son principe, et de son avenir ... / cpar Pierre Leroux. aDeuxième édition. aParis : bPerrotin, Libraire-Éditeur, c1845. a2 v. ; c22 cm. 7aCristianismo2embne aFrancia - dParís aES-MaACLjG-14086 z-- Enc. hol. q-- Sólo el t. II (420 p.) x-- Edic: Completar T260: (Boussac: Imprimerie de Pierre Leroux)